Освітня стратегія та реформування освіти США у ХХ-ХХІ століттях. (Запис № 281861)

МАРК-запис
000 -LEADER
fixed length control field 01775nam a22001577a 4500
041 ## - LANGUAGE CODE
Language code of text/sound track or separate title ukr
080 ## - UNIVERSAL DECIMAL CLASSIFICATION NUMBER
Universal Decimal Classification number 09
090 ## - LOCALLY ASSIGNED LC-TYPE CALL NUMBER (OCLC); LOCAL CALL NUMBER (OCLC)
Local cutter number (OCLC) ; Book number/undivided call number, CALL (RLIN) СТЕ
100 ## - MAIN ENTRY--PERSONAL NAME
Personal name Степанюк К. В.
245 ## - TITLE STATEMENT
Title Освітня стратегія та реформування освіти США у ХХ-ХХІ століттях.
260 ## - PUBLICATION, DISTRIBUTION, ETC. (IMPRINT)
Place of publication, distribution, etc Острог
Name of publisher, distributor, etc КАФ
Date of publication, distribution, etc 2003
300 ## - PHYSICAL DESCRIPTION
Extent 54
520 ## - SUMMARY, ETC.
Summary, etc Розділ 1. Політика освіти США у ХХ столітті.<br/>1.1. Вплив уряду США на освітній процес.<br/>1.2. Криза освіти. Доповідь комісії Гарднера "Нація на мемежі ризику".<br/>1.3. Технічна модернізація освітнього процесу.<br/>Розділ 2. Тенденції вдосконалення освіти у ХХ ХХІ століттях.<br/>2.1. Пошуки нової моделі шкільної освіти.<br/>2.2. Реформа освіти "Америка 2000".<br/>2.3. Проблеми та шляхи реформування професійно педагогічної освіти США.<br/>2.4. Демократизація як важлива умова забезпечення різних можливостей у здобутті освіти у США.<br/>Розділ 3. Зміни в американському суспільстві та вдосконалення системи виховання.<br/>3.1. Соціально культурні особливості американської школи.<br/>3.2. Проблеми дисципліни у американській школі.<br/>3.3. Моральне та громадянське виховання.
-- освіта, педагогіка, США
650 ## - SUBJECT ADDED ENTRY--TOPICAL TERM
Topical term or geographic name as entry element Research Papers
942 ## - ADDED ENTRY ELEMENTS (KOHA)
Koha item type Книги
Фонди
Withdrawn status Lost status Source of classification or shelving scheme Damaged status Not for loan Home library Current library Date acquired Source of acquisition Coded location qualifier Cost, normal purchase price Total Checkouts Full call number Barcode Date last seen Price effective from Koha item type
    Universal Decimal Classification     ВІЛ - Відділ іноземн. літератури НБ ВІЛ - Відділ іноземн. літератури НБ 08/08/2005 Акт 03\01 В21 1.00   09 208791 20/12/2021 01/09/2003 Книги